Possession et meubles incorporels.
Gardado en:
| Autor Principal: | |
|---|---|
| Formato: | Libro |
| Idioma: | inglés |
| Publicado: |
Paris, France:
Éditions Dalloz,
2001.
|
| Series: | Nouvelle bibliothèque de thèses,
|
| Subjects: | |
| Tags: |
Engadir etiqueta
Sen Etiquetas, Sexa o primeiro en etiquetar este rexistro!
|
MARC
| LEADER | 00000nam a22000007a 4500 | ||
|---|---|---|---|
| 003 | CL-VaPUC | ||
| 005 | 20220822114738.0 | ||
| 008 | 220728t2001 ||||| |||| 00| 0 eng d | ||
| 999 | |c 437696 |d 437694 | ||
| 020 | |a 9782247043712 | ||
| 024 | |c Propiedad intangible | ||
| 040 | |c Pontificia Universidad Católica de Valparaíso | ||
| 082 | |2 22 |a 346.44048 PEL 2001 | ||
| 100 | |9 874218 |a Pélissier, Anne |e auteur | ||
| 245 | |a Possession et meubles incorporels. | ||
| 260 | |a Paris, France: |b Éditions Dalloz, |c 2001. | ||
| 300 | |a 373 páginas. | ||
| 490 | |a Nouvelle bibliothèque de thèses, |n 8 | ||
| 500 | |a c.1 Donación Familia Prof. Alejandro Guzmán Brito. | ||
| 583 | |c 20220728 |k Yessy Sthefany Diaz Vidal | ||
| 650 | 0 | |9 255077 |a Derecho y legislación |x Propiedad intangible |z Francia | |
| 650 | 0 | |9 258681 |a Posesión |x Derecho |z Francia | |
| 942 | |2 ddc |c BK |n 0 | ||
| 952 | |0 0 |1 0 |2 ddc |4 0 |6 346_440480000000000_PEL_2001 |7 0 |8 C_AGB |9 585486 |a BIBDER |b BIBDER |d 2022-07-28 |e Donación |i 5653405 |o 346.44048 PEL 2001 |p 5653405 |r 2023-01-25 |t 1 |w 2022-07-28 |y BK_US |k AGB | ||